000 00542nam a2200181Ia 4500
999 _c16500
_d16500
003 OSt
005 20200606115928.0
008 190216s9999||||xx |||||||||||||| ||und||
020 _a8179751627
040 _cMESKC library
082 _a891.43
_bPAR/A
100 _aParagh, Javarimall
_9275
245 0 _aAdhunik Hindi Sahithya Mulyakan Aur Punmrulyakan /
_cJavarimall Paragh
260 _bAnamika Publication,
_c2007
_aDelhi:
300 _a248p
650 _aHindi
942 _cBK
_2ddc
_h891.43
_iPAR/A
_k891.43
_mPAR/A